Statistics for Capital Cities Farthest From Their Country's Largest City

Click here to take the quiz!

General Stats

  • This quiz has been taken 392 times
    (346 since last reset)
  • The average score is 11 of 20

Answer Stats

kmcapitalmiles% Correct
1067Beijing (Shanghai)663
91%
327Washington (New York)203
89%
880Brasilia (São Paulo)547
88%
246Canberra (Sydney)153
83%
352Ottawa (Toronto)219
82%
1149New Delhi (Mumbai)714
74%
349Ankara (Istanbul)217
68%
1149Islamabad (Karachi)714
67%
492Wellington (Auckland)305
62%
535Abuja (Lagos)332
57%
970Astana (Almaty)603
55%
480Rome (Milan)298
54%
1135Hanoi (Ho Chi Minh City)705
52%
275Quito (Guayaquil)171
39%
399Dodoma (Dar-es-Salaam)248
36%
570La Paz (Santa Cruz)354
36%
332Naypyidaw (Yangon)206
26%
215Yamoussoukro (Abidjan)134
20%
262Warsaw (Katowice)163
18%
309Damascus (Aleppo)192
14%

Score Distribution

Percentile by Number Answered

Percent of People with Each Score

Your Score History

You have not taken this quiz since the last reset